[Event "Comodoro Rivadavia"]
[Site "Comodoro Rivadavia"]
[Date "2023.09.17"]
[Round "9"]
[White "Gomez Barrera, Javiera Belen"]
[Black "Aguinaga, Maximiliano"]
[Result "1/2-1/2"]
[WhiteElo "2231"]
[BlackElo "2148"]
[PlyCount "80"]
[EventDate "2023.09.12"]
[EventType "tourn"]
[EventRounds "9"]
[EventCountry "ARG"]
[EventCategory "2"]
[SourceTitle "EXT 2024"]
[Source "ChessBase"]
[SourceDate "2023.10.10"]
[SourceVersion "1"]
[SourceVersionDate "2023.10.10"]
[SourceQuality "1"]

1. e4 e5 2. Nf3 Nc6 3. Bc4 Nf6 4. d3 h6 5. c3 d6 6. a4 g6 7. a5 a6 8. Qb3 Qe7 9. 0-0 Bg7 10. Re1 0-0 11. Nbd2 Nh5 12. Nf1 Nd8 13. d4 Ne6 14. dxe5 dxe5 15. Ne3 c6 16. Bf1 Nc5 17. Qa3 Re8 18. Nc4 Bg4 19. b4 Nd7 20. Re3 Nf4 21. Qb3 Qf6 22. Ncd2 Rad8 23. c4 Ne6 24. Bb2 Nd4 25. Nxd4 exd4 26. Ree1 Ne5 27. Qg3 g5 28. Nb3 Qe7 29. c5 Bh5 30. Nxd4 Nf3+ 31. gxf3 Bxd4 32. Bxd4 Rxd4 33. Rab1 Qf6 34. Bg2 Red8 35. Qh3 Qg6 36. Qg3 Rd3 37. Re3 Rd1+ 38. Re1 R1d3 39. Re3 Rd1+ 40. Re1 R1d3 1/2-1/2

[Event "Comodoro Rivadavia"]
[Site "Comodoro Rivadavia"]
[Date "2023.09.15"]
[Round "6"]
[White "Belmonte, Diego Mariano"]
[Black "Aguinaga, Maximiliano"]
[Result "1/2-1/2"]
[WhiteElo "2318"]
[BlackElo "2148"]
[PlyCount "166"]
[EventDate "2023.09.12"]
[EventType "tourn"]
[EventRounds "9"]
[EventCountry "ARG"]
[EventCategory "2"]
[SourceTitle "EXT 2024"]
[Source "ChessBase"]
[SourceDate "2023.10.10"]
[SourceVersion "1"]
[SourceVersionDate "2023.10.10"]
[SourceQuality "1"]

1. d4 f5 2. e4 fxe4 3. Nc3 Nf6 4. Bg5 c6 5. f3 Qa5 6. Qd2 e3 7. Bxe3 d5 8. g4 Nbd7 9. Bf4 e6 10. h4 Bb4 11. a3 0-0 12. Nh3 c5 13. Rb1 cxd4 14. axb4 dxc3 15. Qxc3 Qb6 16. Bc7 Qc6 17. Qxc6 bxc6 18. Bd6 Re8 19. Bh2 Nb6 20. Be2 e5 21. Nf2 e4 22. 0-0 exf3 23. Bxf3 Nc4 24. Bf4 Ba6 25. Rfe1 Rf8 26. Nd3 Nd7 27. Kg2 Rf7 28. Ra1 Bb7 29. b3 Ncb6 30. Bd6 d4 31. Kg3 Nd5 32. Bxd5 cxd5 33. g5 a6 34. b5 h6 35. Ra4 hxg5 36. hxg5 Nb6 37. Raa1 g6 38. Bc5 Nd7 39. Bxd4 axb5 40. Rxa8+ Bxa8 41. Rh1 Rh7 42. Ra1 Bb7 43. Ra5 Nf8 44. Nf4 Bc6 45. Ra6 Rc7 46. c3 Kf7 47. Nd3 Nd7 48. Ra1 Rc8 49. Rh1 Ke6 50. Kg4 Nf8 51. Re1+ Kf7 52. Ne5+ Kg8 53. Nxc6 Rxc6 54. Bf6 Ne6 55. Rd1 Rd6 56. Ra1 d4 57. cxd4 Nxd4 58. Ra8+ Kf7 59. Ra7+ Ke6 60. Re7+ Kd5 61. Rb7 Kc6 62. Rg7 Nxb3 63. Rxg6 Nc5 64. Rg8 b4 65. Rb8 b3 66. Rb4 Nd7 67. Kf5 Rd5+ 68. Ke6 Rd3 69. Bd4 Nc5+ 70. Ke7 Rg3 71. Bf6 Na6 72. Rc4+ Kb5 73. Rc1 Nb4 74. Kf7 Nd5 75. Ke6 Nxf6 76. gxf6 Rf3 77. f7 Kb4 78. Ke7 b2 79. Rb1 Kb3 80. f8R Rxf8 81. Kxf8 Kc2 82. Rh1 b1R 83. Rxb1 Kxb1 1/2-1/2

[Event "Comodoro Rivadavia"]
[Site "Comodoro Rivadavia"]
[Date "2023.09.14"]
[Round "4"]
[White "Flores, Diego"]
[Black "Aguinaga, Maximiliano"]
[Result "1-0"]
[WhiteElo "2534"]
[BlackElo "2148"]
[PlyCount "47"]
[EventDate "2023.09.12"]
[EventType "tourn"]
[EventRounds "9"]
[EventCountry "ARG"]
[EventCategory "2"]
[SourceTitle "EXT 2024"]
[Source "ChessBase"]
[SourceDate "2023.10.10"]
[SourceVersion "1"]
[SourceVersionDate "2023.10.10"]
[SourceQuality "1"]

1. c4 f5 2. Nc3 Nf6 3. g3 g6 4. Bg2 Bg7 5. d3 d6 6. e4 fxe4 7. dxe4 0-0 8. Nge2 c5 9. 0-0 Nc6 10. h3 e5 11. f4 Nd4 12. f5 gxf5 13. exf5 Nxf5 14. Bg5 h6 15. Bxf6 Rxf6 16. Qd3 Nd4 17. Nxd4 cxd4 18. Rxf6 Qxf6 19. Nd5 Qg5 20. Rf1 Bd7 21. h4 Qh5 22. Ne7+ Kh8 23. Ng6+ Kg8 24. Bd5+ 1-0

[Event "Comodoro Rivadavia"]
[Site "Comodoro Rivadavia"]
[Date "2023.09.13"]
[Round "2"]
[White "Oro, Faustino"]
[Black "Aguinaga, Maximiliano"]
[Result "1-0"]
[WhiteElo "2325"]
[BlackElo "2148"]
[PlyCount "85"]
[EventDate "2023.09.12"]
[EventType "tourn"]
[EventRounds "9"]
[EventCountry "ARG"]
[EventCategory "2"]
[SourceTitle "EXT 2024"]
[Source "ChessBase"]
[SourceDate "2023.10.10"]
[SourceVersion "1"]
[SourceVersionDate "2023.10.10"]
[SourceQuality "1"]

1. c4 d6 2. e4 e5 3. Nf3 Nc6 4. Nc3 g6 5. d4 Bg4 6. d5 Nd4 7. Be2 Nxe2 8. Qxe2 Bg7 9. c5 a6 10. Be3 Nf6 11. h3 Bd7 12. 0-0 0-0 13. Nd2 Nh5 14. Nc4 dxc5 15. Bxc5 Nf4 16. Qf3 Re8 17. Rfd1 Qg5 18. Kh2 a5 19. a4 h5 20. Be3 h4 21. d6 Be6 22. Nd5 Bxd5 23. Rxd5 cxd6 24. Nxd6 Re6 25. Nxb7 Qe7 26. Bxf4 Qxb7 27. Bg5 Qxb2 28. Rad1 f6 29. Bxh4 Qb6 30. Qg4 g5 31. Rd7 Rae8 32. Qh5 R6e7 33. R1d6 Qb8 34. Bg3 Qc8 35. Rxe7 Rxe7 36. h4 gxh4 37. Bxh4 Rf7 38. Qg6 Qc1 39. Qg4 Kh7 40. Qf5+ Kg8 41. Rd8+ Bf8 42. Qg6+ Rg7 43. Qxf6 1-0

[Event "Villa Martelli ProAm op 28th"]
[Site "Villa Martelli"]
[Date "2021.11.07"]
[Round "5"]
[White "Aguinaga, Maximiliano"]
[Black "Slipak, Sergio"]
[Result "1-0"]
[WhiteElo "2218"]
[BlackElo "2402"]
[PlyCount "35"]
[EventDate "2021.11.04"]
[EventType "swiss"]
[EventRounds "7"]
[EventCountry "ARG"]
[SourceTitle "CBM 205 Extra"]
[Source "ChessBase"]
[SourceDate "2022.01.31"]
[SourceVersion "1"]
[SourceVersionDate "2022.01.31"]
[SourceQuality "1"]

1. e4 c6 2. d4 d5 3. exd5 cxd5 4. c4 Nf6 5. Nc3 g6 6. Nf3 Bg7 7. Bg5 Be6 8. Qb3 dxc4 9. Bxc4 Bxc4 10. Qxc4 0-0 11. 0-0 Nbd7 12. Rfe1 Nb6 13. Qb4 e6 14. Rac1 Nbd5 15. Nxd5 Qxd5 16. Rc5 Qxa2 17. Ra5 Nd5 18. Qxf8+ 1-0

[Event "Chubut Easter op 1st"]
[Site "Chubut"]
[Date "2021.04.02"]
[Round "2"]
[White "Salinas, Lautaro"]
[Black "Aguinaga, Maximiliano"]
[Result "0-1"]
[WhiteElo "1912"]
[BlackElo "2209"]
[PlyCount "93"]
[EventDate "2021.04.01"]
[EventType "swiss"]
[EventRounds "6"]
[EventCountry "ARG"]
[SourceTitle "EXT 2022"]
[Source "ChessBase"]
[SourceDate "2021.10.06"]
[SourceVersion "1"]
[SourceVersionDate "2021.10.06"]
[SourceQuality "1"]

1. d4 Nf6 2. c4 d6 3. Nf3 Nbd7 4. Nc3 e5 5. e4 Be7 6. g3 0-0 7. Bg2 c6 8. 0-0 Re8 9. b3 Qc7 10. Bb2 Nf8 11. Qc2 Bg4 12. dxe5 dxe5 13. Rad1 Ne6 14. Ne2 Bxf3 15. Bxf3 c5 16. Bg2 Nd4 17. Bxd4 cxd4 18. Qd2 a5 19. Nc1 Bb4 20. Qe2 a4 21. Nd3 Bc3 22. f4 Nd7 23. Qh5 axb3 24. axb3 g6 25. Qh6 exf4 26. Rxf4 Ne5 27. Nxe5 Rxe5 28. Rh4 f6 29. Rf1 Rf8 30. Qc1 Qb6 31. Rhf4 Kg7 32. Qd1 Ra5 33. Kh1 Ra1 34. Qc2 Rxf1+ 35. Bxf1 Ra8 36. Bd3 Ra3 37. c5 Qxb3 38. Qxb3 Rxb3 39. Rf1 Bb4 40. Bc4 Rb2 41. e5 f5 42. g4 Rc2 43. Bd5 Rxc5 44. Bxb7 fxg4 45. e6 d3 46. Rd1 d2 47. Ba6 0-1

[Event "Buenos Aires Szmetan Giardelli op"]
[Site "Buenos Aires"]
[Date "2018.12.04"]
[Round "1"]
[White "Aguinaga, Maximiliano"]
[Black "Fiorito, Joaquin"]
[Result "1-0"]
[WhiteElo "2166"]
[BlackElo "1582"]
[PlyCount "132"]
[EventDate "2018.12.04"]
[EventType "swiss"]
[EventRounds "9"]
[EventCountry "ARG"]
[SourceTitle "CBM 187 Extra"]
[Source "ChessBase"]
[SourceDate "2018.11.04"]
[SourceVersion "1"]
[SourceVersionDate "2018.11.04"]
[SourceQuality "1"]

1. e4 e5 2. Nf3 Nc6 3. d4 exd4 4. Nxd4 Bc5 5. Nb3 Bb6 6. Nc3 d6 7. a4 a6 8. Be2 Nf6 9. Bg5 Be6 10. 0-0 0-0 11. Nd5 Bxd5 12. exd5 Ne5 13. a5 Ba7 14. Ra4 h6 15. Bh4 Ng6 16. Bg3 Re8 17. Bf3 Qd7 18. Rb4 b5 19. axb6 Bxb6 20. Nc1 a5 21. Rb3 a4 22. Ra3 Bc5 23. Ra1 Ne4 24. Nd3 Nxg3 25. Nxc5 dxc5 26. hxg3 Ne5 27. Be2 Red8 28. f4 Ng6 29. Bg4 Qb5 30. Qc1 Qc4 31. Bf3 Rd6 32. b3 Qd4+ 33. Kh2 Ne7 34. c3 Qd3 35. Re1 Nf5 36. Rxa4 Rad8 37. Qb1 Qxc3 38. Rc4 Qf6 39. Rxc5 Nd4 40. Be4 c6 41. dxc6 Nxc6 42. Qa1 Qxa1 43. Rxa1 Nd4 44. Rc3 Rg6 45. Rd3 f5 46. Bxf5 Kf7 47. Rad1 Rgd6 48. Be4 Kf6 49. Kg1 Ne2+ 50. Kf2 Rxd3 51. Rxd3 Rxd3 52. Bxd3 Nd4 53. b4 Ke6 54. Ke3 Kd5 55. g4 Ne6 56. Bb1 Kc6 57. Ba2 Nc7 58. Bc4 Kd6 59. Ke4 Ke7 60. Ke5 Kd7 61. b5 Na8 62. Be6+ Ke7 63. f5 Nb6 64. g3 Na8 65. Kd5 Nb6+ 66. Kc6 Na4 1-0

[Event "Chubut Province-ch"]
[Site "Comodoro Rivadavia"]
[Date "2017.11.19"]
[Round "4.1"]
[White "Aguilar, Andres"]
[Black "Aguinaga, Maximiliano"]
[Result "1-0"]
[WhiteElo "2309"]
[BlackElo "2161"]
[PlyCount "52"]
[EventDate "2017.11.17"]
[EventType "swiss"]
[EventRounds "7"]
[EventCountry "ARG"]
[SourceTitle "EXT 2024"]
[Source "ChessBase"]
[SourceDate "2023.10.10"]
[SourceVersion "1"]
[SourceVersionDate "2023.10.10"]
[SourceQuality "1"]

1. c4 e5 2. g3 Nf6 3. Bg2 Nc6 4. Nc3 g6 5. Nf3 Bg7 6. 0-0 0-0 7. d4 d6 8. dxe5 dxe5 9. Bg5 Qxd1 10. Rfxd1 Be6 11. Nd5 Ne8 12. Ne7+ Kh8 13. Nxc6 f6 14. Bxf6 Bxf6 15. Ncxe5 Nd6 16. c5 Ne4 17. Nd7 Bxd7 18. Rxd7 Nxc5 19. Rxc7 Rac8 20. Rxc8 Rxc8 21. Rc1 Bxb2 22. Rc2 Bf6 23. Ne1 b6 24. Nd3 Be7 25. Nxc5 Bxc5 26. Be4 Rf8 1-0

[Event "Chubut Province-ch"]
[Site "Comodoro Rivadavia"]
[Date "2017.11.18"]
[Round "3.1"]
[White "Aguinaga, Maximiliano"]
[Black "Martinez, Daniel2222"]
[Result "1/2-1/2"]
[WhiteElo "2161"]
[BlackElo "2034"]
[PlyCount "26"]
[EventDate "2017.11.17"]
[EventType "swiss"]
[EventRounds "7"]
[EventCountry "ARG"]
[SourceTitle "EXT 2024"]
[Source "ChessBase"]
[SourceDate "2023.10.10"]
[SourceVersion "1"]
[SourceVersionDate "2023.10.10"]
[SourceQuality "1"]

1. e4 d5 2. exd5 Qxd5 3. Nc3 Qa5 4. d4 c6 5. Bd3 Nf6 6. h3 e6 7. Nf3 Nbd7 8. 0-0 Bd6 9. Ne2 Qc7 10. Bg5 h6 11. Bh4 b6 12. Bg3 Bb7 13. Bxd6 Qxd6 1/2-1/2

[Event "Chubut Province-ch"]
[Site "Chubut"]
[Date "2015.11.28"]
[Round "4"]
[White "Aguinaga, Maximiliano"]
[Black "Rivas, Lucas"]
[Result "1/2-1/2"]
[WhiteElo "2079"]
[BlackElo "1996"]
[PlyCount "57"]
[EventDate "2015.11.26"]
[EventType "swiss"]
[EventRounds "7"]
[EventCountry "ARG"]
[SourceTitle "CBM 169 Extra"]
[Source "ChessBase"]
[SourceDate "2015.12.18"]
[SourceVersion "1"]
[SourceVersionDate "2015.12.18"]
[SourceQuality "1"]

1. e4 e6 2. d4 d5 3. Bd3 dxe4 4. Bxe4 Nf6 5. Bd3 c5 6. dxc5 Bxc5 7. Nf3 Nc6 8. Qe2 Nd4 9. Nxd4 Qxd4 10. Nd2 Bb6 11. 0-0 Bd7 12. Nf3 Qg4 13. h3 Qh5 14. Ne5 Qxe2 15. Bxe2 Rd8 16. Nxd7 Kxd7 17. a4 Kc8 18. Bg5 h6 19. Bxf6 gxf6 20. Rfd1 Bc7 21. Bh5 Rxd1+ 22. Rxd1 Rd8 23. Rxd8+ Kxd8 24. Bxf7 Ke7 25. Bh5 Be5 26. c3 Bf4 27. Kf1 Bc1 28. b3 Bd2 29. c4 1/2-1/2

[Event "Mar del Plata op 40th"]
[Site "Mar del Plata"]
[Date "2009.04.06"]
[Round "3"]
[White "Moccero, Eduardo"]
[Black "Aguinaga, Maximiliano"]
[Result "1/2-1/2"]
[WhiteElo "2082"]
[BlackElo "2002"]
[PlyCount "129"]
[EventDate "2009.04.05"]
[EventType "swiss"]
[EventRounds "9"]
[EventCountry "ARG"]
[SourceTitle "CBM 129 Extra"]
[Source "ChessBase"]
[SourceDate "2009.05.05"]
[SourceVersion "2"]
[SourceVersionDate "2009.05.20"]
[SourceQuality "1"]

1. d4 Nf6 2. Nf3 d6 3. e3 g6 4. c4 Nbd7 5. Nc3 Bg7 6. Be2 0-0 7. 0-0 e5 8. Qc2 c6 9. Rd1 Qc7 10. dxe5 dxe5 11. e4 a5 12. b3 Re8 13. Ba3 Bf8 14. Bb2 Bc5 15. Na4 Bf8 16. h3 Nc5 17. Nc3 Nh5 18. Nh2 Nf4 19. Bg4 h5 20. Bxc8 Raxc8 21. Ne2 Nce6 22. Nf3 Nxe2+ 23. Qxe2 Nf4 24. Qc2 Bc5 25. Kh2 f6 26. g3 Ne6 27. Rd2 Rcd8 28. Rad1 g5 29. Kg2 Kf7 30. Rd3 Rxd3 31. Rxd3 Rd8 32. Qd1 Rxd3 33. Qxd3 h4 34. Qd1 hxg3 35. fxg3 Ke7 36. h4 gxh4 37. Nxh4 Qd7 38. Nf5+ Kd8 39. Qxd7+ Kxd7 40. g4 Ng5 41. Ng3 Bd4 42. Bc1 Kd6 43. Nf5+ Kc5 44. Ba3+ Kb6 45. Ng3 Bc5 46. Bc1 a4 47. Bd2 a3 48. Bxg5 fxg5 49. Kf1 Bf8 50. Ke2 Kc5 51. Kd3 b5 52. cxb5 cxb5 53. Ne2 b4 54. Ng1 Bg7 55. Nf3 Bf6 56. Nd2 Bg7 57. Nc4 Bf6 58. Ne3 Bd8 59. Nf5 Bf6 60. Nh6 Bg7 61. Nf7 Bf6 62. Ke3 Kc6 63. Kd3 Kc5 64. Ke3 Kc6 65. Kd3 1/2-1/2

[Event "Villa Martelli 54th Aniv IRT 1st"]
[Site "Villa Martelli"]
[Date "2008.07.13"]
[Round "6"]
[White "Martinez, Daniel2222"]
[Black "Aguinaga, Maximiliano"]
[Result "1/2-1/2"]
[WhiteElo "2115"]
[BlackElo "1969"]
[PlyCount "27"]
[EventDate "2008.07.08"]
[EventType "tourn"]
[EventRounds "9"]
[EventCountry "ARG"]
[SourceTitle "CBM 125 Extra"]
[Source "ChessBase"]
[SourceDate "2008.09.01"]
[SourceVersion "1"]
[SourceVersionDate "2008.09.01"]
[SourceQuality "1"]

1. d4 Nf6 2. Nf3 d6 3. g3 g6 4. Bg2 Bg7 5. 0-0 Nbd7 6. c4 e5 7. Nc3 0-0 8. e3 c6 9. b3 Re8 10. Bb2 a6 11. dxe5 dxe5 12. e4 Qe7 13. Qc2 b5 14. cxb5 1/2-1/2

[Event "Villa Martelli 54th Aniv IRT 1st"]
[Site "Villa Martelli"]
[Date "2008.07.12"]
[Round "5"]
[White "Aguinaga, Maximiliano"]
[Black "Pradines, Emanuel"]
[Result "1-0"]
[WhiteElo "1969"]
[BlackElo "1911"]
[PlyCount "43"]
[EventDate "2008.07.08"]
[EventType "tourn"]
[EventRounds "9"]
[EventCountry "ARG"]
[SourceTitle "CBM 125 Extra"]
[Source "ChessBase"]
[SourceDate "2008.09.01"]
[SourceVersion "1"]
[SourceVersionDate "2008.09.01"]
[SourceQuality "1"]

1. d4 Nf6 2. c4 g6 3. Nc3 Bg7 4. e4 d6 5. Be2 0-0 6. g4 e5 7. d5 Ne8 8. g5 f6 9. h4 c6 10. Be3 c5 11. Qd2 f5 12. exf5 gxf5 13. f4 e4 14. h5 h6 15. Nh3 Kh8 16. Bd1 Rg8 17. Qg2 Na6 18. Rg1 Bd7 19. a3 Nec7 20. g6 Qe7 21. Ng5 Ne8 22. Nf7+ 1-0

[Event "Villa Martelli 54th Aniv IRT 1st"]
[Site "Villa Martelli"]
[Date "2008.07.09"]
[Round "2"]
[White "Espinoza Palomino, Willyam"]
[Black "Aguinaga, Maximiliano"]
[Result "1-0"]
[WhiteElo "2130"]
[BlackElo "1969"]
[PlyCount "59"]
[EventDate "2008.07.08"]
[EventType "tourn"]
[EventRounds "9"]
[EventCountry "ARG"]
[SourceTitle "CBM 125 Extra"]
[Source "ChessBase"]
[SourceDate "2008.09.01"]
[SourceVersion "1"]
[SourceVersionDate "2008.09.01"]
[SourceQuality "1"]

1. e4 c5 2. Nf3 Nc6 3. Nc3 g6 4. d4 cxd4 5. Nxd4 Bg7 6. Be3 a6 7. Qd2 d6 8. 0-0-0 Bd7 9. Bc4 Nf6 10. f3 b5 11. Bb3 Na5 12. Nd5 Nxb3+ 13. Nxb3 Nxd5 14. exd5 Rc8 15. Bd4 0-0 16. Bxg7 Kxg7 17. h4 h6 18. h5 g5 19. f4 f6 20. Rhe1 Qe8 21. Qe3 Rf7 22. Rf1 Kf8 23. Nd4 Rc5 24. fxg5 fxg5 25. Ne6+ Bxe6 26. Qxe6 Rxf1 27. Qxh6+ Kg8 28. Qxg5+ Kh7 29. Rxf1 Qg8 30. Qxe7+ 1-0